000 00306pab a2200121 454500
008 180718b xxu||||| |||| 00| 0 eng d
100 _aRoy, Samaren
245 _aIndian by birth: the irrelevance of reservation
650 _a Reservation
650 _aBackward Classes
773 _aStatesman
909 _a21619
999 _c21619
_d21619